Química y tecnología de los fertilizantes
Saved in:
| Hovedforfatter: | |
|---|---|
| Format: | Bog |
| Sprog: | spansk |
| Udgivet: |
Ciudad de México
Continental
1966
|
| Fag: | |
| Tags: |
Tilføj Tag
Ingen Tags, Vær først til at tagge denne postø!
|
MARC
| LEADER | 00000nam a2200000 a 4500 | ||
|---|---|---|---|
| 001 | UCU6748 | ||
| 003 | CL-VaPUC | ||
| 008 | 960621e19660000MX |||||||||||||||||spa|d | ||
| 082 | 0 | 4 | |a 631.813 |b SAU |2 21 |
| 100 | 0 | |a Sauchelli, Vincent |e author |9 365104 | |
| 245 | 1 | 0 | |a Química y tecnología de los fertilizantes |
| 300 | |a 828 p | ||
| 942 | |c BK | ||
| 945 | |d 19960621 00:00:00 |a paguirre | ||
| 260 | |a Ciudad de México |b Continental |c 1966 | ||
| 650 | 0 | |a Agricultura |9 255598 | |
| 650 | 0 | |a Agronomía |9 358010 | |
| 650 | 0 | |a Fertilizantes |9 262833 | |
| 650 | 0 | |a Química del suelo |9 360372 | |
| 650 | 0 | |a Fertilidad del agua |9 264571 | |
| 650 | 0 | |a Química agrícola |9 362273 | |
| 583 | |a last modification |c 19960621 00:00:00 |k Rodrigo Vera | ||
| 999 | |c 249567 |d 249565 | ||